Transformation : A Fundamental Idea of Mathematics Education /

Obra sobre la didáctica de las matemáticas como una disciplina científica basada en la idea de transformación y a la que hace falta vincular entre la educación básica y la superior. Para que las matemáticas sean significativas, ayuda aprenderlas con relación a su transformación en usos en la vida y...

Descripció completa

Guardat en:
Dades bibliogràfiques
Autor principal: Rezat, Sebastian (edición)
Altres autors: Hattermann, Mathias (edición) (edición), Peter-Koop, Andrea (edición) (edición)
Format: Llibre
Idioma:anglès
Publicat: Nueva York, EUA : Springer, 2014, c2014
Matèries:
Accés en línia:Ver documento en línea
Etiquetes: Afegir etiqueta
Sense etiquetes, Sigues el primer a etiquetar aquest registre!

MARC

LEADER 00000nam^a2200000^a^4500
001 000432143
005 20251023000000.0
009 20260310123008.154
020 |a 978-1-4614-3489-4 
037 |a Acervo ITESO - Biblioteca 
041 |a ING 
082 |a 510. 71  |b REZ 
100 |a Rezat, Sebastian  |e (edición) 
245 1 0 |a Transformation :  |b A Fundamental Idea of Mathematics Education /  |c Ed. de S. Rezat, M. Hattermann, A. Peter-Koop. 
264 4 |a Nueva York, EUA :  |b Springer,  |c 2014, c2014 
264 2 |a Cham, Suiza :  |b Springer Link [distribución],  |c 2014 
300 |a 1 libro electrónico en línea (XXII, 409 p.) 
300 |a 1 recurso en línea 
336 |a datos para computadora  |b cod  |2 rdacontenido 
337 |a computadora  |b c  |2 rdamedio 
338 |a recurso en línea  |b cr  |2 rdasoporte 
506 0 |a Licencias ilimitadas 
520 |a Obra sobre la didáctica de las matemáticas como una disciplina científica basada en la idea de transformación y a la que hace falta vincular entre la educación básica y la superior. Para que las matemáticas sean significativas, ayuda aprenderlas con relación a su transformación en usos en la vida y de instrumentos de uso cotidiano, en la resolución de problemas o en estrategias para solucionar problemas similares; de esta manera, las matemáticas aprendidas en la primaria serán fundamentos del pensamiento deductivo en los estudios universitarios y cobrarán sentido en cada etapa educativa. 
649 |a XX 
650 |a Geometría -  |x Estudio y Enseñanza 
650 |a Matemáticas -  |x Estudio y Enseñanza -  |x Tema Principal 
650 |a Aprendizaje Significativo -  |x Tema Principal 
650 |a Desarrollo Cognoscitivo 
650 |a Pensamiento Crítico -  |x Tema Principal 
650 |a Competencias (Educación) 
650 |a Percepción -  |x Tema Principal 
650 |a Semiótica 
650 |a Filosofía de la Educación 
650 |a Psicología Cognitiva 
650 |a Educación 
600 |a Vigotski, Lev Semiónovich 
700 |a Hattermann, Mathias  |e (edición) 
700 |a Peter-Koop, Andrea  |e (edición) 
856 4 0 |u https://link-springer-com.ezproxy.iteso.mx/10.1007/978-1-4614-3489-4  |y Ver documento en línea 
910 |a Fondo General 
920 |a Electrónicos - Libros en Línea 
930 |a Plataforma Digital 
905 |a 205 
901 |a 432143-1  |b IT2  |c EBO  |i C172346  |u 20250521 
902 |a https://opac.biblio.iteso.mx/vufind/Record/000432143